[Event "32nd Reykjavik Open 2017"]
[Site "Reykjavik"]
[Date "2017.04.20"]
[Round "2"]
[White "Can, Emre"]
[Black "Kiese, Matthias"]
[Result "1-0"]
[WhiteElo "2578"]
[BlackElo "2247"]
[Annotator "TA"]
[PlyCount "77"]
[EventDate "2017.??.??"]
[EventType "swiss"]
[EventCountry "ISL"]
[SourceTitle "playchess.com"]
[Source "ChessBase"]
[SourceQuality "1"]

{[%evp 24,77,40,46,57,37,42,37,37,38,54,60,46,47,77,34,40,33,46,45,54,24,22,0,44,43,61,42,88,88,90,63,114,110,115,128,191,168,218,217,238,196,254,122,241,76,143,146,242,158,833,825,1479,1360,1422,543]} 1. d4 d5 2. c4 e6 3. Nf3 Nf6 4. g3 Be7 5. Bg2 O-O 6. O-O dxc4 7. Ne5 Nc6 8. Nxc6 bxc6 9. Na3 Bxa3 10. bxa3 Nd5 11. Qa4 Nb6 12. Qa5 {E05: Open Catalan: 5 Nf3 Be7} Bb7 13. Rd1 {[%mdl 1024] LiveBook: 4 Games. White has compensation.} Qe7 14. Bd2 {[%cal Bc1d2,Bd2b4,Bb4c5][%mdl 32] Black must now prevent Bb4.White is slightly better.} Rfd8 15. Bb4 Qf6 16. e3 $146 {[%cal Be2e3,Be3e4,Be4e5][%mdl 32]} (16. Bc5 e5 17. dxe5 Rxd1+ 18. Rxd1 Qxe5 19. Bxb6 Qxe2 20. Rd7 cxb6 21. Qxa7 Qe1+ 22. Bf1 Qe8 23. Qxb7 Rb8 24. Qxc6 Rc8 25. Qd5 c3 26. Bd3 {1-0 (26) Vera Gonzalez Quevedo,R (2468)-Ramachandran,K (2153) Montreal 2014}) 16... Qf5 17. Bc5 h5 18. e4 Qf6 19. Rab1 h4 20. a4 Rdb8 21. Rdc1 Rd8 22. e5 Qf5 23. Qe1 {Threatens to win with a5.} Rdb8 24. Be4 Qg5 25. Qe2 Nd5 26. Qxc4 Bc8 27. a5 {[%cal Ba4a5,Ba5a6][%mdl 32]} Bd7 (27... Qg4 $14 28. Bd3 Nf4) 28. a6 $36 {[%mdl 2048] White is really pushing.} Rb5 29. a4 Rb6 (29... Ra5 $16 30. Rc2 Rd8) 30. Re1 hxg3 31. hxg3 g6 32. Bg2 Kg7 (32... Rxb1 $142 33. Rxb1 Bc8) 33. Qd3 (33. Bxb6 $18 {and the rest is easy.} axb6 34. Ra1) 33... Rab8 (33... Bc8 $16) 34. a5 $2 (34. Bxb6 $18 {has better winning chances.} cxb6 35. f4) 34... Rxb1 (34... Rb5 $142) 35. Rxb1 Rxb1+ (35... Rb5 $16) 36. Qxb1 $18 {[#] Hoping for Qb8.} Qd2 $2 (36... Nc3 $16 37. Qb8 Kh7) 37. Qb8 {Threatening mate with Qf8+.White is clearly winning.} ({Not} 37. Bxa7 Nc3 38. Qa1 Bc8 $16) 37... Qc1+ 38. Bf1 Ne3 39. Qf8+ 1-0

[Event "32nd Reykjavik Open 2017"]
[Site "Reykjavik"]
[Date "2017.04.20"]
[Round "2"]
[White "Ramirez, Alejandro"]
[Black "Ptacnikova, Lenka"]
[Result "1-0"]
[WhiteElo "2555"]
[BlackElo "2242"]
[Annotator "TA"]
[PlyCount "79"]
[EventDate "2017.??.??"]
[EventType "swiss"]
[EventCountry "ISL"]
[SourceTitle "playchess.com"]
[Source "ChessBase"]
[SourceQuality "1"]

{[%evp 16,79,0,-18,0,8,41,10,50,9,6,0,0,0,0,-12,-12,-20,0,0,6,0,56,56,58,67,76,-1,-2,-2,0,-47,-1,-6,-6,-16,0,-32,0,-16,-12,-16,-26,-31,-3,-3,0,-89,-98,-127,-107,-70,-89,-37,0,0,29993,29994,29994,29984,29995,29985,29985,29986,29995,29996]} 1. e4 c5 2. Nf3 e6 3. g3 Nf6 4. Qe2 Nc6 5. Bg2 Be7 6. O-O {C00: French: Unusual White 2nd moves} O-O (6... d6 7. c3 e5 8. Na3 O-O 9. Nc4 Re8 10. d3 Be6 11. Ng5 Bg4 12. f3 Bh5 13. g4 Bg6 14. Nh3 d5 15. Ne3 {1-0 (45) Naiditsch,A (2706)-Wojtaszek,R (2716) Poznan 2014}) 7. c3 d5 8. e5 Nd7 {[%cal Bf6d7,Bd7b6,Bb6c4][%mdl 32]} 9. d4 {LiveBook: 4 Games} cxd4 10. cxd4 Nb6 $146 (10... f6 11. exf6 Nxf6 {1-0 (26) Lopez Santos,E-Rosado Montanez,J Malaga 1999}) 11. Nc3 Bd7 12. h4 Rc8 13. Bg5 Nc4 14. b3 Na3 $1 15. Rac1 Bxg5 16. hxg5 b5 17. Qd2 Qb6 18. Rfd1 Rc7 (18... Ne7 $11) 19. Bf1 $14 ({Reject} 19. Ne2 $6 b4 $11) 19... Rfc8 20. Bd3 Ne7 21. b4 (21. Kg2 $16) 21... Nc4 $11 22. Qc2 Ng6 23. Bxg6 hxg6 24. Qb3 a5 25. a3 Ra7 26. Nb1 Rca8 {[%cal Bc8a8,Ba8a4,Ba4b4,Bb4b2][%mdl 32]} 27. Kg2 axb4 28. axb4 Ra2 {aiming for ...Rb2.} 29. Rc2 Rxc2 30. Qxc2 Ra4 31. Rh1 (31. Qb3 $11) 31... Rxb4 $17 32. Qc1 Qa7 33. Qf4 Rb2 {And now ...Qa2 would win.} 34. Nbd2 Nxd2 35. Nxd2 $40 {[%mdl 128] White has some attack.} Qa2 $2 {[%mdl 8192] [#]} (35... Be8 $11) 36. Qh4 {[%csl Gh1][%cal Rh4h8] White mates.} Kf8 37. Qh8+ Ke7 38. Qxg7 Be8 39. Rh8 Qa8 40. Qf8+ 1-0

[Event "32nd Reykjavik Open 2017"]
[Site "Reykjavik"]
[Date "2017.04.20"]
[Round "2"]
[White "Ziska, Helgi Dam"]
[Black "Della Pietra, Andrea"]
[Result "1-0"]
[WhiteElo "2553"]
[BlackElo "2228"]
[Annotator "TA"]
[PlyCount "91"]
[EventDate "2017.??.??"]
[EventType "swiss"]
[EventCountry "ISL"]
[SourceTitle "playchess.com"]
[Source "ChessBase"]
[SourceQuality "1"]

{[%evp 15,91,0,19,-12,0,0,0,-16,0,0,8,17,44,0,0,-33,-37,-35,-26,-62,-10,-26,-21,-20,0,0,-15,-5,0,30,52,-39,-39,-39,-39,-39,-40,-41,-41,-57,-43,-65,0,0,8,14,20,24,33,10,10,10,12,14,130,121,142,26,115,113,129,130,165,128,241,277,724,493,461,437,825,812,772,767,29993,29993,29993,29994]} 1. e4 e6 2. d3 d5 3. Nd2 c5 4. Ngf3 Bd6 5. g3 Nc6 6. Bg2 Nge7 7. O-O O-O 8. Re1 Qc7 9. h4 {A08: King's Indian Attack} (9. a3 Bd7 10. c3 d4 11. cxd4 cxd4 12. Nc4 e5 13. Bd2 b5 14. Nxd6 Qxd6 15. Nh4 b4 16. f4 bxa3 17. bxa3 {0-1 (30) Sadler,M (2659)-Hansen,E (2573) London 2015}) 9... Bd7 10. Qe2 f6 11. c3 {[%cal Bc2c3,Bc3c4][%mdl 32] The position is equal.} b5 12. Nb3 $146 (12. Nh2 b4 13. c4 dxc4 14. Nxc4 Nd4 15. Qd1 Rad8 16. Nf3 Nec6 17. Be3 Nxf3+ 18. Qxf3 Be7 {½-½ (30) Papp,L (2073)-Margl,R (2096) Balatonlelle 2016}) 12... dxe4 13. dxe4 e5 14. Be3 Nd8 15. c4 b4 $1 16. a3 bxa3 17. Rxa3 Nb7 (17... Ne6 $15) 18. Ra6 $11 Nc6 19. Rea1 Be6 20. Nfd2 Rfb8 21. Bf3 Nd4 22. Bxd4 cxd4 23. Rxa7 ({White should play} 23. Nxd4 $14 exd4 24. e5 fxe5 25. b4) 23... Rxa7 $15 24. Rxa7 Qb6 25. Ra2 Bb4 26. Bg4 Bf7 27. Ra1 Nd6 28. Rc1 {aiming for c5.} Bxd2 (28... Qc6 $15) 29. Nxd2 $11 Qc6 30. b3 Nb5 31. Ra1 Nc3 32. Qd3 Qb6 33. h5 Qb7 34. Qf3 Qb6 (34... h6 $1 $11 {keeps the balance.}) 35. Qf5 Rd8 {[#]} 36. Kh2 (36. h6 $1 $16 {[%mdl 512]}) 36... d3 (36... h6 $1 $11) 37. Qf3 $16 Ne2 38. Qe3 Qd6 39. Kg2 $36 {[%mdl 2048] White is on the roll.} Nc3 (39... h6 $16) 40. Qa7 $18 Qc6 $2 (40... Qb8 41. Qxb8 Rxb8) 41. Ra6 Qe8 42. Qc7 Ra8 (42... Rb8 $142 43. Ra7 Qf8) 43. Rxa8 Qxa8 44. Bc8 {Threatening mate with Qd8+.} Be8 45. Be6+ Kh8 {[#]} 46. h6 $1 {[%mdl 512]} 1-0

[Event "32nd Reykjavik Open 2017"]
[Site "Reykjavik"]
[Date "2017.04.20"]
[Round "2"]
[White "Hjartarson, Johann"]
[Black "Ristoja, Samu"]
[Result "1-0"]
[WhiteElo "2536"]
[BlackElo "2228"]
[Annotator "TA"]
[PlyCount "41"]
[EventDate "2017.??.??"]
[EventType "swiss"]
[EventCountry "ISL"]
[SourceTitle "playchess.com"]
[Source "ChessBase"]
[SourceQuality "1"]

{[%evp 14,41,22,0,22,18,121,125,211,152,250,196,546,262,793,797,780,670,681,679,935,800,1014,1000,1020,1288,1268,1282,1246,1215]} 1. d4 Nf6 2. c4 e6 3. Nf3 d5 4. Nc3 dxc4 5. e4 Bb4 6. Bxc4 {D24: Queen's Gambit Accepted: 3 Nf3 Nf6 4 Nc3} Nxe4 7. O-O Nxc3 8. bxc3 {LiveBook: 147 Games. The position is equal.} (8. Qb3 {[#]} Nxa2 $1 {[%mdl 512]} 9. Rxa2 (9. Bg5 Qd6 10. Rxa2 O-O $17) 9... Qe7 $15) 8... Bxc3 (8... Bd6 9. Bg5 Be7 10. Bxe7 Qxe7 11. Re1 O-O 12. Ne5 Nd7 13. Nxf7 Nb6 {1-0 (49) Nakamura,H (2779)-Caruana,F (2823) Saint Louis 2016}) 9. Rb1 $1 c6 $146 (9... c5 $11) (9... c5 10. dxc5 Qxd1 11. Rxd1 Bf6 12. Bb5+ Bd7 13. Bxd7+ Nxd7 14. Rxb7 Nxc5 15. Rc7 Na6 16. Rb7 Nc5 17. Rc7 Na6 18. Rb7 Nc5 {½-½ (18) Chandra,A (2495)-Bodek,M (2425) Saint Louis 2015}) 10. Rb3 $16 {[%mdl 1024] White has strong compensation.} Ba5 (10... b5 $16) 11. Ne5 b5 (11... Bc7 $16 {was called for.}) 12. Qg4 $40 {[%mdl 128] White has strong attack.} g6 $2 (12... Qe7 {is tougher.}) 13. Bg5 (13. Nxf7 $142 Kxf7 14. Rf3+ Ke8 15. Bxe6 Bxe6 16. Qxe6+ Qe7 17. Qc8+ Qd8 18. Qb7) 13... f5 $2 (13... Qd6 14. Qf3 (14. Bf6 Rf8 $11) 14... f5 15. Bxb5 (15. Rxb5 Bb6 $18) 15... O-O) 14. Qh4 $18 {White is clearly winning.} ({Not} 14. Bxd8 fxg4 15. Bxa5 bxc4 16. Nxc4 Ba6 $16) 14... Qc7 15. Be2 Rg8 16. Rc1 a6 17. Bf3 Bb7 {[#]} 18. Bd8 $1 {[%mdl 512]} Qxd8 19. Qxh7 {[%csl Ge5][%cal Rh7f7]} Rf8 20. Qxg6+ Ke7 21. Qg7+ 1-0

[Event "32nd Reykjavik Open 2017"]
[Site "Reykjavik"]
[Date "2017.04.20"]
[Round "2"]
[White "L'Ami, Alina"]
[Black "Andreikin, Dmitry"]
[Result "0-1"]
[WhiteElo "2324"]
[BlackElo "2734"]
[Annotator "TA"]
[PlyCount "52"]
[EventDate "2017.??.??"]
[EventType "swiss"]
[EventCountry "ISL"]
[SourceTitle "playchess.com"]
[Source "ChessBase"]
[SourceQuality "1"]

{[%evp 21,52,39,42,35,43,24,5,-45,-46,-74,-56,-154,-147,-212,-195,-258,-247,-244,-250,-660,-658,-1020,-1014,-1012,-1011,-969,-634,-968,-973,-1833,-1816,-1208,-1136]} 1. d4 e6 2. c4 c5 3. d5 exd5 4. cxd5 d6 5. Nc3 a6 6. a4 g6 7. e4 {A43: Schmid Benoni} (7. Nf3 Bg7 8. Bf4 Nf6 9. h3 O-O 10. e3 Ne8 11. Bc4 Nd7 12. O-O Qe7 13. a5 Rb8 14. Qe2 Nc7 15. Rfd1 Re8 16. Na4 b5 17. axb6 Nxb6 18. Nxc5 Nbxd5 {0-1 (65) Volkov,S (2604)-Vavulin,M (2507) Voronezh 2016}) 7... Bg7 8. Bd3 Ne7 9. h4 Nd7 10. h5 Ne5 11. Be2 f5 {[%cal Bf7f5,Bf5g4,Bg4g3][%mdl 32] LiveBook: 3 Games} 12. hxg6 $146 (12. Nh3 Bd7 13. Nf4 O-O 14. hxg6 hxg6 15. Ra3 {0-1 (81) Antic,D (2491)-Anka,E (2425) Las Vegas 2006}) 12... hxg6 13. Rxh8+ Bxh8 14. f4 Nf7 15. g4 {White wants to play exf5.} fxg4 16. Be3 {[#]} ({Better is} 16. Kd2 $15) 16... Ng8 $1 $17 17. Qc2 (17. Bd3 $17) 17... Qh4+ 18. Kd2 (18. Bf2 {was called for.} g3 19. Be3) 18... g5 19. fxg5 Bd4 (19... Nxg5 20. e5 Qh5 21. Bd3 Qh2+ 22. Be2 $11) 20. Bf4 $2 (20. Qb3) 20... g3 $19 {Black is clearly winning.} (20... Nxg5 $2 21. Rf1 g3 22. Bxd6 $19) 21. Be3 Bxe3+ 22. Kxe3 Qxg5+ 23. Kf3 Ne5+ 24. Kg2 Qh4 {[#] ( -> ...Qh2+)} 25. Nf3 Bh3+ 26. Kg1 Qf4 0-1

[Event "32nd Reykjavik Open 2017"]
[Site "Reykjavik"]
[Date "2017.04.20"]
[Round "2"]
[White "Gislason, Gudmundur"]
[Black "Almasi, Zoltan"]
[Result "0-1"]
[WhiteElo "2314"]
[BlackElo "2696"]
[Annotator "TA"]
[PlyCount "62"]
[EventDate "2017.??.??"]
[EventType "swiss"]
[EventCountry "ISL"]
[SourceTitle "playchess.com"]
[Source "ChessBase"]
[SourceQuality "1"]

{[%evp 9,62,37,35,6,14,-4,-2,-6,-4,-10,0,-11,0,-14,-8,-38,-27,-30,-25,-36,-29,-34,-17,-16,-26,-73,-31,-83,-44,-43,-17,-47,-52,0,0,0,0,0,0,0,0,0,0,-43,-50,-41,-54,-62,-59,-91,-89,-615,-592,-615,-624]} 1. d4 Nf6 2. c4 g6 3. g3 Bg7 4. Bg2 O-O 5. Nc3 Nc6 {LiveBook: 113 Games} 6. Bg5 $146 {E61: King's Indian: Early deviations for White, including Smyslov System} (6. e3 d6 7. Nge2 e5 8. O-O exd4 9. exd4 Ne7 10. Bf4 Nf5 11. Qc1 Re8 12. h3 c6 13. g4 Ne7 14. Bh6 d5 15. c5 b6 16. cxb6 axb6 17. Re1 {0-1 (36) Gelfand,B (2743)-Giri,A (2755) Moscow 2016}) 6... h6 7. Bxf6 Bxf6 8. e3 {The position is equal.} d6 9. Nge2 e5 10. O-O h5 11. d5 Nb8 12. Rc1 Bg7 13. b4 a5 14. a3 Na6 15. Qb3 Bd7 16. h4 Bh6 17. f4 Qe7 18. Kh2 (18. Ne4 $15) 18... Rfe8 19. Rce1 axb4 20. axb4 exf4 21. Nxf4 Bg7 22. Ne4 Rf8 23. c5 Bf5 24. Ng5 Qe5 $1 ({But not} 24... dxc5 $2 25. e4 Bd7 26. Nxg6 $1 $18 {[%mdl 512]}) 25. e4 Bg4 26. cxd6 cxd6 ({Much weaker is} 26... Qxd6 $6 27. Nd3 Rae8 {[#]} 28. e5 $1 {[%mdl 512]} Rxe5 29. Nxe5 Bxe5 30. Bh3 Bxh3 31. Kxh3 $16 (31. Nxh3 Nb8 $14)) 27. Nd3 Qc3 $36 {[%mdl 2048] Black is more active.} 28. Qb1 Nb8 {Strongly threatening ...Ra3.} 29. Rc1 Qd4 {Threatens to win with ...Be2.} 30. Rf2 $2 {[%mdl 8192]} (30. Rc7 $17) 30... Ra3 $19 31. Rd2 Qe3 0-1

[Event "32nd Reykjavik Open 2017"]
[Site "Reykjavik"]
[Date "2017.04.20"]
[Round "2"]
[White "Kleinman, Michael"]
[Black "Movsesian, Sergei"]
[Result "0-1"]
[WhiteElo "2289"]
[BlackElo "2677"]
[Annotator "TA"]
[PlyCount "82"]
[EventDate "2017.??.??"]
[EventType "swiss"]
[EventCountry "ISL"]
[SourceTitle "playchess.com"]
[Source "ChessBase"]
[SourceQuality "1"]

{[%evp 14,82,47,51,52,33,43,7,1,0,2,16,20,6,18,8,24,22,41,22,43,33,31,0,8,0,12,0,0,0,32,0,0,0,0,0,0,0,9,5,0,0,0,0,0,0,2,9,7,0,0,-49,-12,-70,-66,-56,-41,-395,-391,-451,-462,-463,-448,-593,-590,-606,-590,-486,-472,-453,-441]} 1. e4 d6 2. d4 Nf6 3. Nc3 e5 4. Nf3 Nbd7 5. Bc4 Be7 6. O-O O-O 7. a4 c6 8. Re1 exd4 {C41: Philidor Defence} (8... b6 9. Ba2 a6 10. Be3 Ng4 11. Bd2 Ngf6 12. dxe5 dxe5 13. Nh4 Bb4 14. Qf3 Nc5 15. Bg5 Ne6 16. Bxe6 fxe6 17. Qg3 Qc7 {1-0 (37) Shirov,A (2712)-Laznicka,V (2676) Poikovsky 2015}) 9. Qxd4 Ng4 10. h3 ({Don't play} 10. Bf4 d5 11. exd5 Bc5 $17) 10... Nge5 {The position is equal.} 11. Nxe5 Nxe5 $146 (11... dxe5 12. Qd1 Nc5 13. Be3 Ne6 14. Ne2 Qc7 15. c3 Nf4 16. Qb3 {1-0 (36) Butkiewicz,L (2139)-Lubczynski,R (2088) Leba 2004}) 12. Bf1 Bf6 {[#] Threatens to win with ...Nf3+!} 13. Qd1 Ng6 14. Ra3 Be5 15. Ne2 Re8 16. Nd4 Qf6 17. Rf3 Qe7 18. Kh1 Bf6 19. Rfe3 Qc7 20. c3 Bd7 21. g3 a6 22. Bg2 Rad8 23. Qc2 h5 {[%cal Bh7h5,Bh5h4][%mdl 32]} 24. R3e2 h4 25. g4 $1 Be5 26. Nf5 Be6 27. Bg5 f6 28. Nxh4 fxg5 29. Nxg6 Qf7 30. Nxe5 dxe5 31. Qc1 Qf4 32. Qxf4 gxf4 (32... exf4 $5 {creates asymmetry.} 33. e5 Rd3 34. Re4 Red8 35. Kg1 a5) 33. a5 (33. f3 $11) 33... Bc4 $36 {[%mdl 2048] Black fights for an advantage.} 34. Rc2 Bb3 $1 {[%cal Rb3c2]} 35. Rce2 $2 {[%mdl 8192] [#]} (35. Rcc1 $15) 35... Bd1 $19 36. g5 Bxe2 {Black is clearly winning.} 37. Rxe2 Rd3 38. f3 Red8 39. Kg1 Rd1+ 40. Kf2 Ra1 41. h4 g6 ({Not} 41... Rxa5 42. Bh3 $19) 0-1

[Event "32nd Reykjavik Open 2017"]
[Site "Reykjavik"]
[Date "2017.04.20"]
[Round "2"]
[White "Bjornsson, Sigurbjorn"]
[Black "Vidit, Santosh Gujrathi"]
[Result "0-1"]
[WhiteElo "2279"]
[BlackElo "2670"]
[Annotator "TA"]
[PlyCount "68"]
[EventDate "2017.??.??"]
[EventType "swiss"]
[EventCountry "ISL"]
[SourceTitle "playchess.com"]
[Source "ChessBase"]
[SourceQuality "1"]

{[%evp 23,68,26,26,0,0,-41,-28,-57,-51,-52,-57,-43,-63,-12,-51,-136,-99,-104,-104,-104,-89,-91,-100,-112,-113,-120,-95,-143,-120,-203,-200,-339,-333,-388,-296,-327,-327,-504,-488,-900,-801,-802,-811,-804,-445,-804,-800]} 1. e4 c5 2. Nf3 Nc6 3. d4 cxd4 4. Nxd4 Qb6 5. Nb3 Nf6 6. Nc3 e6 7. Qe2 Bb4 8. Bd2 O-O 9. a3 {B33: Sicilian: Pelikan and Sveshnikov Variations} (9. O-O-O d5 10. exd5 exd5 11. Be3 Qc7 12. Nb5 Qd8 13. f3 a6 14. N5d4 Re8 15. Qf2 Ne5 16. Bd2 Bd6 17. Kb1 a5 18. Bb5 a4 {½-½ (76) Amonatov,F (2620)-Korobov,A (2692) Doha 2016}) 9... Be7 10. e5 Ne8 11. O-O-O Qc7 12. f4 a6 {LiveBook: 5 Games} 13. Ne4 b5 $146 (13... d6 14. exd6 Nxd6 15. g3 b5 16. Bg2 Nxe4 17. Bxe4 Bb7 18. Bc3 {½-½ (18) Spasov,V (2525)-Kurajica,B (2565) Moscow 1994}) 14. Qh5 d6 15. Bd3 {aiming for exd6.} dxe5 {Strongly threatening ...f5.} 16. Ng5 {[%csl Gd3,Gg5][%cal Rh5h7]} h6 {Hoping for ...f5.} 17. Nh7 Nf6 ({Don't play} 17... exf4 18. g3 $11 (18. Nxf8 Bxf8 19. Bc3 e5 $11)) 18. Nxf6+ Bxf6 19. Bc3 {[#]} (19. Be4 $15 Ra7 20. Bc3) 19... e4 $1 {[%mdl 512]} 20. Bxf6 (20. Bxe4 Bxc3) 20... Qxf4+ ({Worse is} 20... exd3 21. Qg4 g5 22. Rxd3 Qxf4+ 23. Qxf4 gxf4 24. Rf1 $16) 21. Nd2 Qxf6 (21... exd3 $2 22. Rdf1 Qa4 23. cxd3 $19) 22. Nxe4 Qe5 $36 {[%mdl 2048] White is under strong pressure.} 23. Qh4 f5 {[%cal Bf7f5,Bf5g4][%mdl 32]} 24. Nd2 Qc7 25. Kb1 e5 {[%cal Be6e5,Be5e4,Be4e3][%mdl 32]} 26. g4 (26. Rhg1 $17) 26... e4 $19 ({But not} 26... fxg4 27. Qh5 $15) 27. Bf1 (27. Nxe4 $142 fxe4 28. Bxe4) 27... e3 28. Nb3 fxg4 29. Bg2 Bf5 30. Bd5+ (30. Rc1 $142) 30... Kh8 {Black is clearly winning.} 31. Rhe1 {[#]} (31. Rc1 $142 Rad8 32. Bxc6 Qxc6 33. Rhe1) 31... Bxc2+ $1 {[%mdl 512]} 32. Kxc2 Nb4+ $1 33. Kb1 Qc2+ 34. Ka1 {[#]} Rf2 $1 {[%mdl 512]} 0-1

[Event "32nd Reykjavik Open 2017"]
[Site "Reykjavik"]
[Date "2017.04.20"]
[Round "2"]
[White "Rajdeep Sarkar"]
[Black "Grandelius, Nils"]
[Result "0-1"]
[WhiteElo "2273"]
[BlackElo "2641"]
[Annotator "TA"]
[PlyCount "84"]
[EventDate "2017.??.??"]
[EventType "swiss"]
[EventCountry "ISL"]
[SourceTitle "playchess.com"]
[Source "ChessBase"]
[SourceQuality "1"]

{[%evp 12,84,11,15,18,27,29,13,14,-4,0,0,8,0,8,-22,-31,-27,-5,0,-4,-35,-23,-41,-35,-42,-46,-79,-66,-57,-71,-91,-75,-154,-143,-250,-198,-469,-304,-302,-291,-366,-354,-550,-527,-549,-554,-539,-537,-507,-307,-313,-205,-198,-203,-200,-174,-164,-156,-225,-228,-225,-223,-296,-289,-556,-527,-6207,-6205,-6207,-5289,-6079,-6070,-5181,-5173]} 1. d4 Nf6 2. Nf3 d6 3. g3 g6 4. Bg2 Bg7 5. O-O O-O 6. Nbd2 Nc6 7. e4 Bg4 {B07: Pirc Defence: Miscellaneous Systems} (7... e5 8. dxe5 dxe5 9. b3 Re8 10. Bb2 Bg4 11. h3 Bxf3 12. Bxf3 Qd7 13. Bg2 Rad8 14. Nc4 Qe6 15. Qc1 h5 16. a4 Nd4 17. Re1 Kh7 18. Bxd4 Rxd4 {½-½ (41) Markus,R (2662)-Draskovic,L (2448) Niksic 2016}) 8. c3 e5 9. Qc2 exd4 {The position is equal.} 10. Nxd4 Qd7 11. Nxc6 $146 (11. Re1 Rfe8 12. b3 Bh3 13. Bh1 Nd5 14. Bb2 Ndb4 15. Qb1 Nxd4 16. cxd4 {½-½ (40) Elstner,E (2170)-Klundt,K (2377) Germany 2011}) 11... bxc6 ({Don't take} 11... Qxc6 $2 12. e5 $1 {[%mdl 512]} d5 13. exf6 $18) 12. Nb3 Bh3 13. Bf4 Bxg2 14. Kxg2 Rae8 15. Rae1 c5 16. f3 Qa4 17. Rf2 Nd5 {[%cal Bf6d5,Bd5b6,Bb6c4][%mdl 32]} 18. Bd2 Nb6 19. Qb1 Nc4 20. Bf4 Rb8 21. Qa1 Rfe8 22. Rfe2 {[#]} (22. Rc1 $142) 22... Qb5 $1 $17 23. Bc1 (23. Qb1 $17) 23... a5 24. Rc2 $2 (24. Nd2 {might work better.}) 24... f5 25. Bf4 fxe4 26. Qd1 exf3+ 27. Kxf3 (27. Kg1 {was worth a try.}) 27... Rxe1 $19 28. Qxe1 Ne5+ 29. Kg2 Qc6+ 30. Kh3 Rf8 31. Bxe5 Bxe5 32. Rf2 Rxf2 33. Qxf2 a4 34. Nd2 Qd5 $36 {[%mdl 2048] Keeping White busy.} 35. Nf3 (35. a3 $17) 35... Qxa2 36. Nxe5 {[#] Threatens to win with Ng4.} Qe6+ $1 ({Weaker is} 36... dxe5 37. Qxc5 Qe6+ 38. Kg2 $15) 37. Ng4 {Qf6 is the strong threat.} h5 38. Qf4 $2 (38. Qc2) 38... c4 {Black is clearly winning.} (38... hxg4+ $2 39. Kg2 $19) 39. Kh4 {aiming for Ne3.} Qxg4+ 40. Qxg4 hxg4 41. Kxg4 d5 {[%cal Bd6d5,Bd5d4][%mdl 32]} 42. Kf4 {[#]} d4 $1 {[%mdl 512]} 0-1

[Event "32nd Reykjavik Open 2017"]
[Site "Reykjavik"]
[Date "2017.04.20"]
[Round "2"]
[White "Guezennec, Franck"]
[Black "Yilmaz, Mustafa"]
[Result "0-1"]
[WhiteElo "2271"]
[BlackElo "2614"]
[Annotator "TA"]
[PlyCount "46"]
[EventDate "2017.??.??"]
[EventType "swiss"]
[EventCountry "ISL"]
[SourceTitle "playchess.com"]
[Source "ChessBase"]
[SourceQuality "1"]

{[%evp 19,46,9,0,-1,0,-172,-172,-180,-144,-176,-181,-174,-171,-188,-182,-176,-170,-179,-166,-230,-229,-260,-256,-505,-478,-632,-631,-601,-520]} 1. e4 c5 2. Nf3 e6 3. d4 cxd4 4. Nxd4 Nc6 5. Nc3 Qc7 6. Be3 a6 7. Qf3 {B48: Sicilian: Taimanov: 5 Nc3 Qc7 6 Be3 a6 without Be2} Bd6 (7... Nf6 8. O-O-O Rb8 9. Be2 d6 10. Qg3 Nxd4 11. Bxd4 e5 12. Ba7 Ra8 13. Be3 b5 14. f4 Bb7 15. fxe5 Nxe4 16. Nxe4 Bxe4 {1-0 (42) Nepomniachtchi,I (2767)-Adhiban,B (2666) Doha 2016}) 8. O-O-O Be5 9. g3 Nge7 10. Qe2 b5 {LiveBook: 6 Games} 11. Bg2 $146 (11. f4 Bxd4 12. Bxd4 Nxd4 13. Rxd4 Rb8 14. Qd2 b4 {½-½ (23) Motylev,A (2663)-Bosiocic,M (2602) Moscow 2017}) 11... b4 12. Nd5 $2 (12. Nxc6 $11 {and White has nothing to worry.} Qxc6 13. Nb1) 12... exd5 $19 13. exd5 Bxd4 14. Bxd4 Nxd4 15. Rxd4 d6 16. Re1 {[#] next Re4 is good for White.} Ra7 $1 17. Rc4 {[#]} Qd8 $1 18. Rxb4 O-O 19. h4 (19. Re4 $142 Ng6 20. Re3) 19... Qa5 20. Re4 Nxd5 21. Rd4 $2 (21. Re8 {might work better.} Nf6 22. Rxf8+ Kxf8 23. Qd2) 21... Re7 {Black is clearly winning.} ({Less strong is} 21... Qxa2 22. Bxd5 Qa1+ 23. Kd2 Qxb2 24. Rf4 $15) 22. Be4 Rfe8 23. f3 Nf6 0-1

[Event "32nd Reykjavik Open 2017"]
[Site "Reykjavik"]
[Date "2017.04.20"]
[Round "2"]
[White "Vaishali R"]
[Black "Gupta, Abhijeet"]
[Result "0-1"]
[WhiteElo "2259"]
[BlackElo "2607"]
[Annotator "TA"]
[PlyCount "74"]
[EventDate "2017.??.??"]
[EventType "swiss"]
[EventCountry "ISL"]
[SourceTitle "playchess.com"]
[Source "ChessBase"]
[SourceQuality "1"]

{[%evp 15,74,-25,14,-22,-11,-12,-13,-20,-16,-12,-11,-37,-24,-25,-24,-38,-27,-68,-40,-36,-24,-30,-36,-35,-35,-71,-75,-72,-76,-105,-100,-99,-97,-97,-87,-93,-104,-104,-108,-100,-102,-187,-188,-213,-174,-191,-200,-227,-229,-471,-430,-485,-518,-532,-362,-343,-321,-615,-614,-569,-566]} 1. Nf3 Nf6 2. g3 g6 3. b3 d5 4. Bb2 c5 5. Bg2 Bg7 6. O-O O-O 7. c4 d4 8. b4 Nfd7 9. bxc5 {A05: Réti Opening: 1 Nf3 Nf6} Nxc5 10. d3 e5 (10... Nc6 11. Ba3 Qa5 12. Bxc5 Qxc5 13. Nbd2 Rb8 14. Rb1 {½-½ (33) Fressinet,L (2692)-Fier,A (2624) Drancy 2016}) 11. Nbd2 {The position is equal.} Re8 12. Ba3 Nba6 13. Rb1 Bd7 14. Ne1 Rb8 $146 15. Ne4 b6 16. Qc1 Qc7 17. Nc2 Bc6 18. Nxc5 bxc5 19. Bxc6 Qxc6 20. Na1 e4 21. Rxb8 Nxb8 22. dxe4 Qxe4 23. Bxc5 Qxe2 24. Nc2 Qxc4 25. Nxd4 Qxa2 {[#] White must now prevent ...Qd5.} 26. Nb5 Nc6 27. Nd6 Rb8 28. Qe3 (28. Qc4 $17 {was worth a try.} Qxc4 29. Nxc4) 28... Qd5 $19 {Strongly threatening ...Ne5.} 29. Ne4 a5 30. Qf3 Rd8 {[#] ...f5 is the strong threat.} 31. Bb6 Ne5 32. Qf4 $2 (32. Qe2 {was called for.} Re8 33. Rd1) 32... Re8 33. f3 f5 34. Nd2 Nd3 35. Qa4 Re2 36. Nb3 $2 (36. Qc4 Qxc4 37. Nxc4) 36... Rb2 37. Qe8+ Bf8 0-1